| 000 -LEADER |
| fixed length control field |
01844cam a22003255i 4500 |
| 001 - CONTROL NUMBER |
| control field |
22246240 |
| 003 - CONTROL NUMBER IDENTIFIER |
| control field |
NUST |
| 005 - DATE AND TIME OF LATEST TRANSACTION |
| control field |
20220815090316.0 |
| 008 - FIXED-LENGTH DATA ELEMENTS--GENERAL INFORMATION |
| fixed length control field |
210921s2021 pk bd b 000 0 eng |
| 010 ## - LIBRARY OF CONGRESS CONTROL NUMBER |
| LC control number |
2021318928 |
| 020 ## - INTERNATIONAL STANDARD BOOK NUMBER |
| International Standard Book Number |
9789698772093 |
| 037 ## - SOURCE OF ACQUISITION |
| Source of stock number/acquisition |
Library of Congress -- Islamabad Overseas Office |
| 040 ## - CATALOGING SOURCE |
| Original cataloging agency |
DLC |
| Language of cataloging |
eng |
| Transcribing agency |
DLC |
| Description conventions |
rda |
| 042 ## - AUTHENTICATION CODE |
| Authentication code |
lcode |
| 043 ## - GEOGRAPHIC AREA CODE |
| Geographic area code |
a-pk--- |
| 082 ## - DEWEY DECIMAL CLASSIFICATION NUMBER |
| Classification number |
327.7305, HIG |
| 100 1# - MAIN ENTRY--PERSONAL NAME |
| Personal name |
Shabbir, Talat, |
| Relator term |
author. |
| 9 (RLIN) |
97076 |
| 245 10 - TITLE STATEMENT |
| Title |
Higher than Karakoram : |
| Remainder of title |
seven decades of Pakistan-China partnership / |
| Statement of responsibility, etc. |
edited by Dr. Talat Shabbir. |
| 250 ## - EDITION STATEMENT |
| Edition statement |
First edition. |
| 264 #1 - PRODUCTION, PUBLICATION, DISTRIBUTION, MANUFACTURE, AND COPYRIGHT NOTICE |
| Place of production, publication, distribution, manufacture |
Islamabad : |
| Name of producer, publisher, distributor, manufacturer |
China-Pakistan Study Centre, Institute of Strategic Studies, |
| Date of production, publication, distribution, manufacture, or copyright notice |
2021. |
| 300 ## - PHYSICAL DESCRIPTION |
| Extent |
v, 186 pages : |
| Other physical details |
maps, charts ; |
| Dimensions |
24 cm |
| 336 ## - CONTENT TYPE |
| Content type term |
text |
| Content type code |
txt |
| Source |
rdacontent |
| 337 ## - MEDIA TYPE |
| Media type term |
unmediated |
| Media type code |
n |
| Source |
rdamedia |
| 338 ## - CARRIER TYPE |
| Carrier type term |
volume |
| Carrier type code |
nc |
| Source |
rdacarrier |
| 505 ## - FORMATTED CONTENTS NOTE |
| Formatted contents note |
China-Pakistan Relations in Changing Geo-Political Environment (Page-1), China and South Asia: Opportunities and Challenges (Page-22), Integration of Technology and Economy Boosts High Quality Development of CPEC (Page-44), Ensuring Healthy Cities under CPEC (Page-62), tan-China Cultural and Tourism Cooperation (Page-85), Enhancing Bilateral Cooperation in Science and technology (Page-99), Pakistan-China Collaboration in the Realm of Higher Education (Page-121), Pakistan-China Trade and Investment Relations: Progress, Status and Future (Page-134), China in the Indian Ocean Region: Dynamics of Competition and Stability (Page-149), China's Health Silk Road: Prospects for Global Health Cooperation (Page-164). |
| 710 2# - ADDED ENTRY--CORPORATE NAME |
| Corporate name or jurisdiction name as entry element |
Institute of Strategic Studies (Islāmābād, Pakistan). |
| Subordinate unit |
China-Pakistan Study Centre, |
| Relator term |
publisher. |
| 9 (RLIN) |
97077 |
| 906 ## - LOCAL DATA ELEMENT F, LDF (RLIN) |
| a |
7 |
| b |
ibc |
| c |
origode |
| d |
3 |
| e |
ncip |
| f |
20 |
| g |
y-gencatlg |
| 942 ## - ADDED ENTRY ELEMENTS (KOHA) |
| Source of classification or shelving scheme |
|
| Koha item type |
Book |